Invitation to languages : Foreign language exploratory program

Activities Workbook and Student Tape Manual SE: Both components are in one volume. Workbook contains many activities in "game" formats. Tape Manual contains "Listen and repeat," "Listen and answer," and "Listen and choose" activities.

Na minha lista:
Detalhes bibliográficos
Autor principal: Schmitt, Conrad J.
Formato: Livro
Idioma:Undetermined
Publicado em: New York McGraw - Hill 1998
Assuntos:
Tags: Adicionar Tag
Sem tags, seja o primeiro a adicionar uma tag!
Thư viện lưu trữ: Trung tâm Học liệu Trường Đại học Cần Thơ
LEADER 00859nam a2200217Ia 4500
001 CTU_108651
008 210402s9999 xx 000 0 und d
020 |c 35.68 
082 |a 418 
082 |b S355 
100 |a Schmitt, Conrad J. 
245 0 |a Invitation to languages : 
245 0 |b Foreign language exploratory program 
245 0 |c Conrad J. Schmitt 
260 |a New York 
260 |b McGraw - Hill 
260 |c 1998 
520 |a Activities Workbook and Student Tape Manual SE: Both components are in one volume. Workbook contains many activities in "game" formats. Tape Manual contains "Listen and repeat," "Listen and answer," and "Listen and choose" activities. 
650 |a Standard usage (prescriptive linguistics),Applied linguistics,Foreign language 
904 |i Hiếu 
980 |a Trung tâm Học liệu Trường Đại học Cần Thơ